00589nam a2200181Ia 450000500170000000800410001702000100005804000190006804100120008708200140009910000170011324500860013026000520021630000260026850400400029465000630033485000100039720231202111002.0131103s9999 xx 000 0 und d cRs.35 aLoreto College aEnglish a410 bDIL aDillon,Myles aCelts and Aryans,bSurvivals of Indo-European Speech and Society, cMyles Dillon aSimlabIndian Institute Of Advanced Studyc1975 axxiii,153 p.b plates aIncludes bibliographical references aIndo - European Speech and Society - Communicative English aLCLIB